000 00716nam a2200277 a 4500
003 AR-BaBNM
005 20251128205740.0
008 082120s2002 ||||||||||||||000 | spa||
020 _a950-04-0536-9
040 _cAR-BaBNM
100 1 _aRocha, Ruth
245 0 0 _aMarcelo, membrillo, martillo
250 _a2ª ed.
260 _aBuenos Aires
_bEmecé
_c1992
300 _a63 p.
_bil.
490 0 _aPequeño Emecé
_vv. 12
650 4 _aLIBROS PARA NIÑOS
650 4 _aLITERATURA INFANTIL
650 4 _aCUENTOS DE ANIMALES
650 4 _aCUENTOS DE AVENTURAS
653 _aCUENTO MARAVILLOSO
655 _aLITERATURA
700 1 _aCornavaca, Adalberto
_eilustrador
942 _cBK
998 _cMARTIN
999 _c12663
_d12663